Survey on village animal health worker in chhloung district, kratie provinc; ការអង្កេតទៅលើសេវាកម្មភ្នាក់ងារសុខភាពសត្វភូមិក្នុងស្រុកឆ្លូង ខេត្តក្រចេះ (Record no. 10605)

000 -LEADER
fixed length control field 00600nam a22001337a 4500
040 ## - CATALOGING SOURCE
Transcribing agency RUA
082 ## - DEWEY DECIMAL CLASSIFICATION NUMBER
Classification number VEM CHH 2015 B525 Or.1
100 ## - MAIN ENTRY--AUTHOR NAME
Personal name CHHUON RATANA; ឈួន រតនា
245 ## - TITLE STATEMENT
Title Survey on village animal health worker in chhloung district, kratie provinc; ការអង្កេតទៅលើសេវាកម្មភ្នាក់ងារសុខភាពសត្វភូមិក្នុងស្រុកឆ្លូង ខេត្តក្រចេះ
260 ## - PUBLICATION, DISTRIBUTION, ETC. (IMPRINT)
Place of publication Phnom Penh
Name of publisher RUA
Year of publication 2015
300 ## - PHYSICAL DESCRIPTION
Number of Pages ix, 35p;
Other physical details ill;
Dimensions 29cm;
856 ## - ELECTRONIC LOCATION AND ACCESS
Uniform Resource Identifier CHHUON RATANA
942 ## - ADDED ENTRY ELEMENTS (KOHA)
Koha item type VEM
952 ## - LOCATION AND ITEM INFORMATION (KOHA)
Withdrawn status [LOCAL, KOHA] 0
952 ## - LOCATION AND ITEM INFORMATION (KOHA)
Withdrawn status [LOCAL, KOHA] 0
952 ## - LOCATION AND ITEM INFORMATION (KOHA)
Withdrawn status [LOCAL, KOHA] 0
952 ## - LOCATION AND ITEM INFORMATION (KOHA)
Withdrawn status [LOCAL, KOHA] 0
952 ## - LOCATION AND ITEM INFORMATION (KOHA)
Withdrawn status [LOCAL, KOHA] 0
952 ## - LOCATION AND ITEM INFORMATION (KOHA)
Withdrawn status [LOCAL, KOHA] 0
952 ## - LOCATION AND ITEM INFORMATION (KOHA)
Withdrawn status [LOCAL, KOHA] 0
952 ## - LOCATION AND ITEM INFORMATION (KOHA)
Withdrawn status [LOCAL, KOHA] 0
952 ## - LOCATION AND ITEM INFORMATION (KOHA)
Withdrawn status [LOCAL, KOHA] 0
952 ## - LOCATION AND ITEM INFORMATION (KOHA)
Withdrawn status [LOCAL, KOHA] 0
Holdings
Permanent Location Date acquired Koha item type Lost status Shelving location Barcode Current Location Full call number
Library Block B2016-10-31VEM B525A02887Library Block BVEM CHH 2015 B525 Or.1
Library Block B2016-10-31VEM B525A01566Library Block BVEM CHH 2015 B525 Or.2
Library Block B2016-10-31VEM B525A02375Library Block BVEM CHH 2015 B525 Or.3
Library Block B2016-10-31VEM B525A01408Library Block BVEM CHH 2015 B525 Or.4
Library Block B2016-10-31VEM B525A02380Library Block BVEM CHH 2015 B525 Or.5
Library Block B2016-10-31VEM B525A02455Library Block BVEM CHH 2015 B525 Or.6
Library Block B2016-10-31VEM B525A02530Library Block BVEM CHH 2015 B525 Or.7
Library Block B2016-10-31VEM B525A00720Library Block BVEM CHH 2015 B525 Or.8
Library Block B2021-10-18VEM B693A065573Library Block BVEM CHH 2015 B693 Or.1
Library Block B2021-10-18VEM  A065633Library Block BVEM MEA 2015 B693 Or.1
មជ្ឈមណ្ឌលឯការនៃសាកលវិទ្យាល័យភូមិន្ទកសិកម្មចំការដូង

Powered by Koha